Crianza de borregos (Record no. 170284)
[ view plain ]
| 000 -CABECERA | |
|---|---|
| campo de control de longitud fija | 00926nam a2200301Ia 4500 |
| 001 - NÚMERO DE CONTROL | |
| campo de control | Z_7012 |
| 003 - IDENTIFICADOR DEL NÚMERO DE CONTROL | |
| campo de control | CHAP |
| 005 - FECHA Y HORA DE LA ÚLTIMA TRANSACCIÓN | |
| campo de control | 20250326154441.0 |
| 008 - DATOS DE LONGITUD FIJA--INFORMACIÓN GENERAL | |
| campo de control de longitud fija | 220113s2018 mx 000 0 spa d |
| 010 ## - NÚMERO DE CONTROL DE LA BIBLIOTECA DEL CONGRESO | |
| Número de control de LC | 170284 |
| 020 ## - NÚMERO INTERNACIONAL ESTÁNDAR DEL LIBRO | |
| Número Internacional Estándar del Libro | 978-607-17-3230-9 |
| 040 ## - FUENTE DE LA CATALOGACIÓN | |
| Centro/agencia transcriptor | CHAP |
| 082 ## - NÚMERO DE LA CLASIFICACIÓN DECIMAL DEWEY | |
| Número de clasificación | 636.31 C75 |
| 245 ## - MENCIÓN DE TÍTULO | |
| Título | Crianza de borregos |
| 300 ## - DESCRIPCIÓN FÍSICA | |
| Extensión | 134 p. |
| 500 ## - NOTA GENERAL | |
| Nota general | En portada: Instalaciones, etapas de cría, bioseguridad, sistemas de producción, nutrición, hembras y carneros reproductores. |
| 650 ## - PUNTO DE ACCESO ADICIONAL DE MATERIA--TÉRMINO DE MATERIA | |
| Término de materia o nombre geográfico como elemento de entrada | Ganado lanar |
| 9 (RLIN) | 45150 |
| 650 ## - PUNTO DE ACCESO ADICIONAL DE MATERIA--TÉRMINO DE MATERIA | |
| Término de materia o nombre geográfico como elemento de entrada | Ganado ovino |
| Subdivisión general | cría |
| -- | Manuales |
| 9 (RLIN) | 142652 |
| 650 ## - PUNTO DE ACCESO ADICIONAL DE MATERIA--TÉRMINO DE MATERIA | |
| Término de materia o nombre geográfico como elemento de entrada | Ovejas |
| Subdivisión general | Cría |
| 9 (RLIN) | 144477 |
| 942 ## - ELEMENTOS DE PUNTO DE ACCESO ADICIONAL (KOHA) | |
| Tipo de ítem Koha | Libro_ |
| Fuente del sistema de clasificación o colocación | Dewey Decimal Classification |
| 942 ## - ELEMENTOS DE PUNTO DE ACCESO ADICIONAL (KOHA) | |
| Fuente del sistema de clasificación o colocación | Dewey Decimal Classification |
| 260 ## - PUBLICACIÓN, DISTRIBUCIÓN, ETC. | |
| Lugar de publicación, distribución, etc. | Ciudad de México : |
| Nombre del editor, distribuidor, etc. | Trillas, |
| Fecha de publicación, distribución, etc. | |
| 440 #0 - MENCIÓN DE SERIE/PUNTO DE ACCESO ADICIONAL--TÍTULO | |
| Título | Negocios agropecuarios (Trilla) |
| 9 (RLIN) | 146548 |
| 503 ## - NOTA DE HISTORIA BIBLIOGRÁFICA (BK CF MU) [OBSOLETO] | |
| Nota de historia bibliográfica | ej.1: consumo \ ej.2: consumo \ ej.3: consumo \ ej.4: consumo \ ej.5: consumo |
| 901 ## - ELEMENTOS DE DATOS A LOCAL LDA (RLIN) | |
| a | 636.31 C75 |
| 902 ## - ELEMENTOS DE DATOS B LOCAL, LDB (RLIN) | |
| a | M |
| 910 ## - DATOS DE OPCIÓN DEL USUARIO (OCLC) | |
| Datos de opción del usuario | |
| Estado de retiro | Estado de pérdida | Fuente del sistema de clasificación o colocación | Estado dañado | No para préstamo | Código de colección | Localización permanente | Ubicación/localización actual | Ubicación en estantería | Fecha de adquisición | Información codificada de la localización en otra ubicación | Total de préstamos | Código de barras | Fecha visto por última vez | Fecha del último préstamo | Número de copia | Precio válido a partir de | Tipo de ítem Koha | Restricciones de uso | Renovaciones totales | Signatura topográfica completa |
|---|---|---|---|---|---|---|---|---|---|---|---|---|---|---|---|---|---|---|---|---|
| Dewey Decimal Classification | General | Biblioteca Central | Biblioteca Central | Planta principal - Colección General | 14/06/2023 | 6 | 33724002576058 | 25/10/2024 | 23/10/2024 | 14/06/2023 | Libro | Préstamo 15 días | 6 | 636.31 C75 | ||||||
| Dewey Decimal Classification | General | Biblioteca Central | Biblioteca Central | Planta principal - Colección General | 14/06/2023 | 33724002576769 | 14/06/2023 | c.2 | 14/06/2023 | Libro | Préstamo 15 días | 636.31 C75 | ||||||||
| Dewey Decimal Classification | General | Zootecnia | Zootecnia | 21/02/2019 | 1 | 5 | z_7243 | 03/10/2024 | 03/10/2024 | 1 | 18/01/2022 | Libro | ||||||||
| Dewey Decimal Classification | General | Zootecnia | Zootecnia | 21/02/2019 | 1 | z_7244 | 18/01/2022 | 2 | 18/01/2022 | Libro | ||||||||||
| Dewey Decimal Classification | General | Zootecnia | Zootecnia | 21/02/2019 | 1 | z_7245 | 18/01/2022 | 3 | 18/01/2022 | Libro | ||||||||||
| Dewey Decimal Classification | General | Zootecnia | Zootecnia | 07/05/2019 | 1 | 1 | z_7266 | 29/06/2023 | 29/06/2023 | 4 | 18/01/2022 | Libro | ||||||||
| Dewey Decimal Classification | General | Zootecnia | Zootecnia | 07/05/2019 | 1 | 3 | z_7267 | 15/10/2025 | 15/10/2025 | 5 | 18/01/2022 | Libro |
